Tracing stars / (Record no. 967)

MARC details
000 -LEADER
fixed length control field 01197nam a22003137a 4500
005 - DATE AND TIME OF LATEST TRANSACTION
control field 20230717102455.0
020 ## - INTERNATIONAL STANDARD BOOK NUMBER
International Standard Book Number 9780399256967
040 ## - CATALOGING SOURCE
Original cataloging agency DLC
Transcribing agency DLC
Modifying agency DLC
Language of cataloging eng
050 00 - LIBRARY OF CONGRESS CALL NUMBER
Classification number PZ7.M8593
Item number Tr 2012
082 00 - DEWEY DECIMAL CLASSIFICATION NUMBER
Classification number 823
Edition number 23
100 1# - MAIN ENTRY--PERSONAL NAME
Personal name Moulton, Erin E.
245 10 - TITLE STATEMENT
Title Tracing stars /
Statement of responsibility, etc. Erin E. Moulton.
250 ## - EDITION STATEMENT
Edition statement First Scholastic printing, January 2013.
260 ## - PUBLICATION, DISTRIBUTION, ETC.
Place of publication, distribution, etc. New York :
Name of publisher, distributor, etc. Scholastic,
Date of publication, distribution, etc. 2013.
300 ## - PHYSICAL DESCRIPTION
Extent 233 pages ;
Dimensions 20 cm.
505 ## - FORMATTED CONTENTS NOTE
Formatted contents note R
520 ## - SUMMARY, ETC.
Summary, etc. In a small seaside town during the summer before sixth grade, Indie Lee Chickory tries to follow her older sister's popularity advice by working backstage on the upcoming community theater musical and by not revealing that she is looking for her beloved pet lobster and becoming friends with "loser" Owen Stone.
521 ## - TARGET AUDIENCE NOTE
Target audience note 740 <br/>
Source Lexile <br/>
521 ## - TARGET AUDIENCE NOTE
Target audience note R <br/>
Source Raz-Plus <br/>
650 #1 - SUBJECT ADDED ENTRY--TOPICAL TERM
Topical term or geographic name entry element Friendship
Form subdivision Fiction.
650 #1 - SUBJECT ADDED ENTRY--TOPICAL TERM
Topical term or geographic name entry element Sisters
Form subdivision Fiction.
650 #1 - SUBJECT ADDED ENTRY--TOPICAL TERM
Topical term or geographic name entry element Self-acceptance
Form subdivision Fiction.
650 #1 - SUBJECT ADDED ENTRY--TOPICAL TERM
Topical term or geographic name entry element Lost and found possessions
Form subdivision Fiction.
650 #1 - SUBJECT ADDED ENTRY--TOPICAL TERM
Topical term or geographic name entry element Theater
Form subdivision Fiction.
906 ## - LOCAL DATA ELEMENT F, LDF (RLIN)
a 7
b cbc
c orignew
d 1
e ecip
f 20
g y-gencatlg
942 ## - ADDED ENTRY ELEMENTS (KOHA)
Source of classification or shelving scheme Dewey Decimal Classification
Koha item type Books
Suppress in OPAC No
999 ## -
-- 967
-- 967
Holdings
Withdrawn status Lost status Source of classification or shelving scheme Damaged status Not for loan Collection Home library Current library Shelving location Date acquired Total Checkouts Full call number Barcode Date last seen Date last checked out Price effective from Koha item type
    Dewey Decimal Classification     Juvenile Fiction Footprints International School Library Network Toul Kork Campus Footprints International School Library Network Toul Kork Campus TK Primary Library Room(4th Floor), Bookcase 5&6, Shelves 33-56, Orange Books 07/17/2023 1 MOU 823 PZ7.M8593 FISTK04922 12/09/2025 08/29/2025 07/17/2023 Books